| 000 | 00633nam a2200229Ia 4500 | ||
|---|---|---|---|
| 008 | 180523s9999 xx 000 0 und d | ||
| 020 | _a978-0-230-51671-7 | ||
| 050 | _aMAIN HF 5548.32 | ||
| 050 | _b.C43 2007 | ||
| 100 | _aCharlesworth, Alan. | ||
| 245 | 0 | _aKey concepts in e-commerce / | |
| 245 | 0 | _cAlan Charlesworth. | |
| 260 | _aNew York : | ||
| 260 | _bPalgrave Macmillan, | ||
| 260 | _c2007 | ||
| 300 | _a316 pages : | ||
| 300 | _c22 cm. | ||
| 440 | _aPalgrave key concepts | ||
| 500 | _aIncludes bibliographical references and index. | ||
| 650 | _aElectronic commerce -- Dictionaries. | ||
| 650 | _xInternet. | ||
| 999 |
_c357131 _d357131 |
||